000 00630nam a2200229Ia 4500
003 OSt
005 20220918194819.0
006 a|||||r|||| 00| 0
007 ta
008 220917b |||||||| |||| 00| 0 eng d
024 _a81,752
037 _cTextual
040 _aARTS
_cARTS
_beng
041 _2eng
_aeng
082 _aS:B28, J2
100 _aCattell R B
_987251
245 0 _aFactor analysis
_b an introduction and manual for the psychologist and social acientist ed by Gardner Murphy
260 _c1952
650 _aPSYCHOLOGY
942 _hS:B28, J2
_cTEXL
_2CC
999 _c205474
_d205474